[Event "Alpenpokal 2009"]
[Site "Langenwang"]
[Date "2009.01.09"]
[Round "1.2"]
[White "Wewers, Reinhard"]
[Black "Segelken, Peter"]
[Result "0-1"]
[WhiteElo "2140"]
[BlackElo "1902"]
[PlyCount "110"]
[EventDate "2009.??.??"]
[WhiteTeam "SF Essen Überruhr 46/53 e.V."]
[BlackTeam "Delmenhorster SK V 1931"]

1. Nf3 Nf6 2. g3 g6 3. Bg2 Bg7 4. O-O O-O 5. d4 d5 6. c4 c6 7. Nc3 Nbd7 8. cxd5
cxd5 9. a4 e6 10. a5 a6 11. Bg5 h6 12. Bf4 Nh5 13. Bd2 Nhf6 14. Bf4 Re8 15. Qc2
Nh5 16. Bc1 Nhf6 17. Rd1 Nb8 18. Ne5 Nfd7 19. Nxd7 Bxd7 20. e4 Nc6 21. Be3 Rc8
22. exd5 exd5 23. Qd2 Nxa5 24. Bxd5 Be6 25. Bxe6 Rxe6 26. Qd3 Nc4 27. Bc1 Rd6
28. Ne2 Ne5 29. Qe4 Nc6 30. Be3 Qe7 31. Qg2 Nb4 32. Rac1 Rxc1 33. Rxc1 Nd5 34.
Qf3 Nxe3 35. fxe3 Re6 36. Rc3 Rf6 37. Nf4 Qd7 38. Qd5 Rd6 39. Qb3 b5 40. Qc2
Qe7 41. Ng2 Kh7 42. Rc5 Rxd4 43. Rc6 Rd6 44. Rc8 Qd7 45. h4 Rd1+ 46. Kh2 Rd2
47. Qc6 Qxc6 48. Rxc6 a5 49. b3 Rb2 50. Ra6 Bc3 51. Ra7 Kg7 52. Kh3 Rxb3 53.
Nf4 a4 54. g4 Bd2 55. Kg2 Bxe3 0-1

[Event "Alpenpokal 2009"]
[Site "Langenwang"]
[Date "2009.01.09"]
[Round "1.3"]
[White "Emser, Heinrich"]
[Black "Jolowicz, Matias"]
[Result "1/2-1/2"]
[WhiteElo "1914"]
[BlackElo "2252"]
[PlyCount "97"]
[EventDate "2009.??.??"]
[WhiteTeam "SG Altenkessel"]
[BlackTeam "SVG Salzgitter e.V."]

1. e4 Nf6 2. e5 Nd5 3. d4 d6 4. Nf3 dxe5 5. dxe5 Bg4 6. Be2 Nc6 7. O-O e6 8.
Re1 Bc5 9. Bg5 Be7 10. c4 Ndb4 11. Bd2 Nd3 12. Rf1 Bxf3 13. Bxf3 Ndxe5 14. Qb3
Nxf3+ 15. Qxf3 Bf6 16. Bc3 O-O 17. Bxf6 Qxf6 18. Qxf6 gxf6 19. Nc3 Rad8 20. f4
Nd4 21. Rf2 Kg7 22. Re1 Rd7 23. g4 Rfd8 24. f5 e5 25. Ne4 Nc6 26. Re3 Rd3 27.
Rff3 Rxe3 28. Rxe3 Rd4 29. b3 Nb4 30. a4 Nd3 31. h4 h6 32. Kh2 Nf4 33. Kg3 Rd1
34. Kf2 Rh1 35. h5 Rd1 36. Rc3 Rb1 37. Kf3 Rd1 38. Kf2 Rd4 39. Re3 b6 40. Kf3
Nd3 41. Ke2 Nc5 42. Kf3 Rxe4 43. Rxe4 Nxe4 44. Kxe4 c6 45. b4 Kf8 46. c5 Ke7
47. a5 bxa5 48. bxa5 Kd7 49. a6 1/2-1/2

[Event "Alpenpokal 2009"]
[Site "Langenwang"]
[Date "2009.01.10"]
[Round "2.5"]
[White "Haugg, Gerhard"]
[Black "Van Baarle, John"]
[Result "0-1"]
[WhiteElo "1947"]
[BlackElo "2244"]
[PlyCount "60"]
[EventDate "2009.??.??"]
[WhiteTeam "Spgem Kötz/Ichenhausen"]
[BlackTeam "Schiedam"]

1. d4 Nf6 2. Nf3 e6 3. e3 c5 4. c3 b6 5. Be2 Bb7 6. Nbd2 Be7 7. a3 O-O 8. b4 d6
9. O-O Nbd7 10. Bb2 Qc7 11. Rc1 e5 12. c4 Rfe8 13. d5 e4 14. Ng5 Nxd5 15. Ngxe4
N7f6 16. Nxf6+ Bxf6 17. Bxf6 Nxf6 18. Bf3 cxb4 19. axb4 a5 20. bxa5 bxa5 21.
Bxb7 Qxb7 22. Ra1 h6 23. Qa4 Nd7 24. Rfb1 Qc7 25. Rb5 Nc5 26. Qa3 a4 27. Rb4
Reb8 28. Rab1 Rxb4 29. Rxb4 Qa5 30. Nf3 Qxb4 0-1

[Event "Alpenpokal 2009"]
[Site "Langenwang"]
[Date "2009.01.10"]
[Round "2.6"]
[White "Jolowicz, Matias"]
[Black "Schmitt, Wolfgang Max"]
[Result "1-0"]
[WhiteElo "2252"]
[BlackElo "1652"]
[PlyCount "67"]
[EventDate "2009.??.??"]
[WhiteTeam "SVG Salzgitter e.V."]
[BlackTeam "Schachklub Immenstadt"]

1. c4 c5 2. Nf3 Nc6 3. d4 e6 4. d5 exd5 5. cxd5 Nce7 6. Nc3 d6 7. e4 Ng6 8. Bd3
Be7 9. h3 Nf6 10. O-O h6 11. Be3 O-O 12. Nd2 Ne5 13. Be2 a6 14. f4 Ned7 15. a4
b6 16. Nc4 Bb7 17. Bf3 Re8 18. e5 dxe5 19. fxe5 Nh7 20. d6 Bxf3 21. dxe7 Qxe7
22. Qxf3 Nxe5 23. Nxe5 Qxe5 24. Qxf7+ Kh8 25. Rfe1 Rf8 26. Qc4 Qg3 27. Ne4 Qe5
28. Nc3 Qg3 29. Qg4 Qxg4 30. hxg4 Rad8 31. a5 Nf6 32. axb6 Nxg4 33. Bxc5 Rf7
34. Rxa6 1-0

[Event "Alpenpokal 2009"]
[Site "Langenwang"]
[Date "2009.01.10"]
[Round "2.7"]
[White "Vreugdenhil, Frans"]
[Black "Emser, Heinrich"]
[Result "1-0"]
[WhiteElo "2067"]
[BlackElo "1914"]
[PlyCount "81"]
[EventDate "2009.??.??"]
[WhiteTeam "Westland"]
[BlackTeam "SG Altenkessel"]

1. e4 e5 2. Nf3 d5 3. exd5 e4 4. Qe2 Nf6 5. d3 Qxd5 6. dxe4 Qxe4 7. Qxe4+ Nxe4
8. Bd3 Nc5 9. Bb5+ c6 10. Be2 Be7 11. Nc3 O-O 12. Bf4 Bf6 13. Bd6 Bxc3+ 14.
bxc3 Ne4 15. Bxf8 Kxf8 16. c4 Nd7 17. O-O c5 18. Bd3 Nef6 19. Rfe1 b6 20. Ne5
Bb7 21. Nxd7+ Nxd7 22. Be4 Bxe4 23. Rxe4 Nf6 24. Ree1 Re8 25. Rxe8+ Nxe8 26.
Rd1 Ke7 27. Rd3 Nd6 28. Rc3 f5 29. f3 g5 30. Kf2 f4 31. Ke2 Nf5 32. Kd2 Nd6 33.
Kd3 Kd7 34. Ra3 a5 35. Rb3 Kc6 36. Rb1 h6 37. Re1 Kd7 38. Re5 a4 39. g3 fxg3
40. hxg3 a3 41. Kc3 1-0

[Event "Alpenpokal 2009"]
[Site "Langenwang"]
[Date "2009.01.11"]
[Round "3.2"]
[White "Alt, Karl Heinz"]
[Black "Segelken, Peter"]
[Result "0-1"]
[WhiteElo "1766"]
[BlackElo "1902"]
[PlyCount "110"]
[EventDate "2009.??.??"]
[WhiteTeam "Schachklub Immenstadt"]
[BlackTeam "Delmenhorster SK V 1931"]

1. e4 e5 2. Nf3 Nc6 3. Bb5 a6 4. Bxc6 bxc6 5. d4 exd4 6. Qxd4 Qe7 7. O-O h6 8.
Bf4 d6 9. h3 Bb7 10. Nbd2 c5 11. Qa4+ Qd7 12. Qb3 Qb5 13. Qe3 Nf6 14. c4 Qb6
15. e5 dxe5 16. Qxe5+ Kd7 17. Nb3 Bd6 18. Qf5+ Ke7 19. Rfe1+ Kf8 20. Bxd6+ cxd6
21. Rad1 Re8 22. Rxe8+ Nxe8 23. Nh4 Kg8 24. Qd7 Qc6 25. Qxc6 Bxc6 26. Nf5 Ba4
27. Nxd6 Nc7 28. Nb7 Kh7 29. N7xc5 Bxb3 30. Nxb3 Rc8 31. f4 Ne6 32. f5 Nc5 33.
Rd5 Na4 34. c5 Nxb2 35. Rd6 a5 36. Ra6 a4 37. Nd4 Rxc5 38. g4 Rc1+ 39. Kf2 Rc7
40. Rb6 Nd1+ 41. Kf3 Nc3 42. Ra6 Nxa2 43. Rxa4 Nc3 44. Ra6 Nd5 45. h4 Rc3+ 46.
Ke4 Nf6+ 47. Kf4 Rc7 48. g5 hxg5+ 49. hxg5 Nd5+ 50. Ke5 Nb4 51. g6+ fxg6 52.
fxg6+ Kh6 53. Nf5+ Kg5 54. Rb6 Rc5+ 55. Ke4 Rxf5 0-1

[Event "Alpenpokal 2009"]
[Site "Langenwang"]
[Date "2009.01.11"]
[Round "3.3"]
[White "Van Baarle, John"]
[Black "Winkler, Hans"]
[Result "1-0"]
[WhiteElo "2244"]
[BlackElo "1923"]
[PlyCount "47"]
[EventDate "2009.??.??"]
[WhiteTeam "Schiedam"]
[BlackTeam "SC Kempten 1878"]

1. d4 Nf6 2. c4 g6 3. Nc3 d5 4. Nf3 Bg7 5. Bg5 Ne4 6. cxd5 Nxc3 7. bxc3 Qxd5 8.
e3 Bg4 9. Be2 Qa5 10. O-O Nd7 11. Bh4 Qxc3 12. Rc1 Qa5 13. Qb3 Qb6 14. Qc4 Rc8
15. Ng5 Be6 16. Nxe6 Qxe6 17. Qb4 b6 18. Ba6 c5 19. Qa4 Rd8 20. Bc4 Qf5 21.
dxc5 Bf6 22. Bxf6 Qxf6 23. c6 Nc5 24. c7+ 1-0

[Event "Alpenpokal 2009"]
[Site "Langenwang"]
[Date "2009.01.12"]
[Round "4.2"]
[White "Jolowicz, Matias"]
[Black "Brassat, Juergen"]
[Result "1-0"]
[WhiteElo "2252"]
[BlackElo "1911"]
[PlyCount "53"]
[EventDate "2009.??.??"]
[WhiteTeam "SVG Salzgitter e.V."]
[BlackTeam "SC Eulenspiegel Regensburg"]

1. d4 d5 2. c4 e6 3. Nc3 Be7 4. Nf3 Nf6 5. cxd5 exd5 6. Bg5 Nbd7 7. e3 c6 8.
Bd3 O-O 9. Qc2 Re8 10. O-O g6 11. Bf4 Nh5 12. Nxd5 Nxf4 13. Nxf4 Bf6 14. Bc4
Nf8 15. Qb3 Qc7 16. Rac1 Kg7 17. h3 Rb8 18. Rfe1 Bf5 19. Bd3 Bxd3 20. Nxd3 Qd8
21. Rcd1 Re7 22. Nde5 Nd7 23. Ng4 Re8 24. Nxf6 Qxf6 25. e4 g5 26. Re3 h5 27.
Nxg5 1-0

[Event "Alpenpokal 2009"]
[Site "Langenwang"]
[Date "2009.01.12"]
[Round "4.5"]
[White "Alt, Karl Heinz"]
[Black "Vreugdenhil, Frans"]
[Result "0-1"]
[WhiteElo "1766"]
[BlackElo "2067"]
[PlyCount "40"]
[EventDate "2009.??.??"]
[WhiteTeam "Schachklub Immenstadt"]
[BlackTeam "Westland"]

1. e4 e5 2. Nf3 Nc6 3. Bb5 f5 4. Bxc6 dxc6 5. Nxe5 Qd4 6. Qh5+ g6 7. Nxg6 hxg6
8. Qxg6+ Kd8 9. O-O Ne7 10. Qf7 Qd6 11. g3 Qh6 12. h4 Be6 13. d4 Bxf7 14. Bxh6
Bxh6 15. Nc3 Kd7 16. Rad1 Rag8 17. exf5 Nxf5 18. Ne4 Kc8 19. Kh2 Bf8 20. Rfe1
Nxh4 0-1

[Event "Alpenpokal 2009"]
[Site "Langenwang"]
[Date "2009.01.13"]
[Round "5.1"]
[White "Van Baarle, John"]
[Black "Jolowicz, Matias"]
[Result "1/2-1/2"]
[WhiteElo "2244"]
[BlackElo "2252"]
[PlyCount "29"]
[EventDate "2009.??.??"]
[WhiteTeam "Schiedam"]
[BlackTeam "SVG Salzgitter e.V."]

1. e4 Nf6 2. Nc3 d5 3. exd5 Nxd5 4. Bc4 Nb6 5. Bb3 Nc6 6. Nf3 Bf5 7. a4 Na5 8.
O-O e6 9. Re1 Be7 10. d3 O-O 11. Bf4 Bd6 12. Qd2 Bb4 13. h3 Nd5 14. Bxd5 exd5
15. d4 1/2-1/2

[Event "Alpenpokal 2009"]
[Site "Langenwang"]
[Date "2009.01.13"]
[Round "5.2"]
[White "Vreugdenhil, Frans"]
[Black "Josting, Friedel"]
[Result "0-1"]
[WhiteElo "2067"]
[BlackElo "1994"]
[PlyCount "54"]
[EventDate "2009.??.??"]
[WhiteTeam "Westland"]
[BlackTeam "SG Bünde"]

1. e4 c5 2. Nf3 e6 3. d4 cxd4 4. Nxd4 a6 5. Nc3 Qc7 6. Be2 Nc6 7. Be3 Nf6 8.
O-O b5 9. a3 Bb7 10. Nb3 d6 11. f4 Na5 12. Nxa5 Qxa5 13. Bf3 e5 14. Qe1 Qc7 15.
Qg3 Rc8 16. Rad1 Qe7 17. Rfe1 Rc4 18. Bb6 Nd7 19. Ba5 exf4 20. Qf2 Ne5 21. Nd5
Bxd5 22. Rxd5 Qb7 23. Bc3 f6 24. Qh4 Be7 25. Bh5+ Kf8 26. Qxf4 Qxd5 27. b3 Qc5+
0-1

[Event "Alpenpokal 2009"]
[Site "Langenwang"]
[Date "2009.01.13"]
[Round "5.4"]
[White "Wewers, Reinhard"]
[Black "Kopischke, Maik"]
[Result "1-0"]
[WhiteElo "2140"]
[BlackElo "1930"]
[PlyCount "49"]
[EventDate "2009.??.??"]
[WhiteTeam "SF Essen Überruhr 46/53 e.V."]
[BlackTeam "SC Zugzwang 95 e.V."]

1. Nf3 Nf6 2. g3 d5 3. Bg2 e6 4. d4 c5 5. c4 cxd4 6. Nxd4 Bb4+ 7. Nc3 O-O 8.
cxd5 Nxd5 9. Bd2 Nxc3 10. bxc3 Be7 11. O-O Nd7 12. Qc2 Nf6 13. Rfd1 Qc7 14.
Rab1 Rb8 15. Nb5 Qc5 16. h3 a6 17. Bf4 axb5 18. Bxb8 e5 19. Qd3 e4 20. Qxb5
Qxc3 21. Be5 Qc2 22. a4 Nd7 23. Rbc1 Qa2 24. Rxc8 Rxc8 25. Qxd7 1-0

[Event "Alpenpokal 2009"]
[Site "Langenwang"]
[Date "2009.01.14"]
[Round "6.1"]
[White "Josting, Friedel"]
[Black "Van Baarle, John"]
[Result "0-1"]
[WhiteElo "1994"]
[BlackElo "2244"]
[PlyCount "108"]
[EventDate "2009.??.??"]
[WhiteTeam "SG Bünde"]
[BlackTeam "Schiedam"]

1. Nf3 c5 2. c4 Nf6 3. g3 d5 4. cxd5 Nxd5 5. Bg2 Nc6 6. Nc3 Nc7 7. d3 e5 8. O-O
Be7 9. Bd2 O-O 10. Rc1 f6 11. Ne1 Bd7 12. Nd5 Nxd5 13. Bxd5+ Kh8 14. Bg2 Rc8
15. f4 exf4 16. Rxf4 b6 17. Rf1 Be6 18. b3 Qd7 19. Nf3 Rfe8 20. Kh1 Bf8 21. Bc3
Rcd8 22. Qc2 Ne7 23. Bd2 Nc6 24. Bc3 Bg4 25. Rcd1 Qe6 26. Rfe1 Qc8 27. Qb2 Qe6
28. Qc2 a5 29. Qb2 Kg8 30. Qc2 Nd4 31. Bxd4 cxd4 32. Qc4 Bb4 33. Rf1 Bc3 34. h3
Bh5 35. g4 Bf7 36. Qxe6 Rxe6 37. Ng1 Re7 38. Rf5 a4 39. bxa4 Rd6 40. g5 fxg5
41. Rxg5 Bxa2 42. Rf1 Bb3 43. Rgf5 g6 44. Rf8+ Kg7 45. Ra8 Ba5 46. Ra1 Red7 47.
Be4 Rd8 48. Ra7+ R6d7 49. Rxd7+ Rxd7 50. Kg2 Rd6 51. Nf3 Bc3 52. Ra3 Bg8 53.
Ne5 Bb2 54. Nc4 Bxc4 0-1

[Event "Alpenpokal 2009"]
[Site "Langenwang"]
[Date "2009.01.15"]
[Round "7.1"]
[White "Wewers, Reinhard"]
[Black "Jolowicz, Matias"]
[Result "1/2-1/2"]
[WhiteElo "2140"]
[BlackElo "2252"]
[PlyCount "108"]
[EventDate "2009.??.??"]
[WhiteTeam "SF Essen Überruhr 46/53 e.V."]
[BlackTeam "SVG Salzgitter e.V."]

1. Nf3 g6 2. g3 Bg7 3. d4 Nf6 4. Bg2 O-O 5. O-O d6 6. Nc3 Nbd7 7. e4 e5 8. Re1
c6 9. a4 a5 10. b3 Qb6 11. h3 exd4 12. Nxd4 Ng4 13. Nce2 c5 14. hxg4 cxd4 15.
Nf4 Ne5 16. Nd5 Qd8 17. g5 Bg4 18. f3 Be6 19. Nf4 d3 20. Be3 dxc2 21. Qxc2 d5
22. exd5 Bf5 23. Qd2 Re8 24. g4 Bxg4 25. fxg4 Nxg4 26. Bd4 Bxd4+ 27. Qxd4 Qxg5
28. Nh3 Qh4 29. Re4 f5 30. Re6 Rac8 31. Qf4 Rxe6 32. dxe6 Qe7 33. Rd1 Qc5+ 34.
Qd4 Qxd4+ 35. Rxd4 Rc1+ 36. Bf1 Kf8 37. Ng5 Ne3 38. Kf2 Nxf1 39. Rd8+ Ke7 40.
Rd7+ Kf6 41. e7 Rc8 42. Kxf1 h6 43. Nf3 Re8 44. Rd6+ Kxe7 45. Rxg6 Kf7 46. Rxh6
Re3 47. Ng5+ Kg7 48. Rb6 Re7 49. Kf2 Kf8 50. Kf3 Ke8 51. Re6 Rxe6 52. Nxe6 Kd7
53. Nd4 Kd6 54. Nxf5+ Kc5 1/2-1/2

[Event "Alpenpokal 2009"]
[Site "Langenwang"]
[Date "2009.01.15"]
[Round "7.2"]
[White "Van Baarle, John"]
[Black "Priebs, Ludger"]
[Result "1/2-1/2"]
[WhiteElo "2244"]
[BlackElo "2033"]
[PlyCount "42"]
[EventDate "2009.??.??"]
[WhiteTeam "Schiedam"]
[BlackTeam "SC Bocholt 1926"]

1. e4 c5 2. Nf3 d6 3. Bb5+ Bd7 4. Bxd7+ Qxd7 5. c4 Nc6 6. d4 cxd4 7. Nxd4 g6 8.
f3 Bg7 9. Be3 e6 10. Nc3 Nge7 11. O-O O-O 12. Qd2 Rfd8 13. Rfd1 a6 14. Nde2 Ne5
15. b3 b5 16. cxb5 axb5 17. a4 bxa4 18. Nxa4 Nc4 19. bxc4 Rxa4 20. Rxa4 Qxa4
21. Qd3 Nc6 1/2-1/2

[Event "Alpenpokal 2009"]
[Site "Langenwang"]
[Date "2009.01.15"]
[Round "7.3"]
[White "Martino-Groß, Peter"]
[Black "Josting, Friedel"]
[Result "1-0"]
[WhiteElo "2106"]
[BlackElo "1994"]
[PlyCount "99"]
[EventDate "2009.??.??"]
[WhiteTeam "SV Halver ev"]
[BlackTeam "SG Bünde"]

1. c4 c5 2. Nc3 Nc6 3. Nf3 g6 4. g3 Bg7 5. Bg2 Nf6 6. O-O O-O 7. d4 cxd4 8.
Nxd4 Nxd4 9. Qxd4 d6 10. Qd3 Rb8 11. c5 Ne8 12. Rd1 Qa5 13. cxd6 Nxd6 14. Nd5
Re8 15. Nxe7+ Rxe7 16. Qxd6 Rd7 17. Bd2 Rxd6 18. Bxa5 Rxd1+ 19. Rxd1 Be6 20. b3
b6 21. Bb4 Bf8 22. Bxf8 Kxf8 23. f4 Rc8 24. Rd2 a5 25. Kf2 a4 26. Bd5 Bxd5 27.
Rxd5 Rc2 28. bxa4 Rxa2 29. Rd4 h5 30. Rb4 Ke7 31. h3 Kd7 32. Rxb6 Rxa4 33. f5
g5 34. Rh6 h4 35. e3 hxg3+ 36. Kxg3 Ke7 37. Rb6 f6 38. Re6+ Kf7 39. e4 Ra1 40.
Rb6 Rg1+ 41. Kf2 Ra1 42. Rb7+ Kg8 43. Kf3 Rf1+ 44. Kg4 Rf4+ 45. Kh5 Rxe4 46.
Kg6 Re8 47. Kxf6 Re3 48. Kg6 Kf8 49. f6 Ke8 50. f7+ 1-0

[Event "Alpenpokal 2009"]
[Site "Langenwang"]
[Date "2009.01.15"]
[Round "7.6"]
[White "Emser, Heinrich"]
[Black "Kopischke, Maik"]
[Result "1-0"]
[WhiteElo "1914"]
[BlackElo "1930"]
[PlyCount "53"]
[EventDate "2009.??.??"]
[WhiteTeam "SG Altenkessel"]
[BlackTeam "SC Zugzwang 95 e.V."]

1. e4 d6 2. Bc4 Nf6 3. d3 g6 4. h3 Bg7 5. Nf3 c6 6. O-O Nbd7 7. c3 O-O 8. Bb3
e5 9. Re1 Nc5 10. Bc2 Ne6 11. d4 Qc7 12. Be3 Bd7 13. Qd2 Rfd8 14. d5 cxd5 15.
exd5 Nc5 16. Bh6 Bxh6 17. Qxh6 Nxd5 18. Ng5 Nf6 19. Re3 Ne6 20. Bb3 Nxg5 21.
Qxg5 Nh5 22. Qe7 Rf8 23. Rf3 Rae8 24. Bxf7+ Rxf7 25. Qxf7+ Kh8 26. Nd2 Nf4 27.
Ne4 1-0

[Event "Alpenpokal 2009"]
[Site "Langenwang"]
[Date "2009.01.16"]
[Round "8.1"]
[White "Wewers, Reinhard"]
[Black "Van Baarle, John"]
[Result "1/2-1/2"]
[WhiteElo "2140"]
[BlackElo "2244"]
[PlyCount "43"]
[EventDate "2009.??.??"]
[WhiteTeam "SF Essen Überruhr 46/53 e.V."]
[BlackTeam "Schiedam"]

1. Nf3 Nf6 2. g3 b6 3. Bg2 Bb7 4. O-O e6 5. c4 c5 6. Nc3 Be7 7. Re1 d5 8. cxd5
Nxd5 9. e4 Nb4 10. d4 cxd4 11. Nxd4 N8c6 12. Nxc6 Qxd1 13. Rxd1 Bxc6 14. Bf4
Rd8 15. Rxd8+ Bxd8 16. Bf1 f6 17. Rc1 Bd7 18. Nb5 Nc6 19. Nd6+ Ke7 20. Nb7 e5
21. Nxd8 Rxd8 22. Be3 1/2-1/2

[Event "Alpenpokal 2009"]
[Site "Langenwang"]
[Date "2009.01.16"]
[Round "8.2"]
[White "Jolowicz, Matias"]
[Black "Martino-Groß, Peter"]
[Result "1-0"]
[WhiteElo "2252"]
[BlackElo "2106"]
[PlyCount "59"]
[EventDate "2009.??.??"]
[WhiteTeam "SVG Salzgitter e.V."]
[BlackTeam "SV Halver ev"]

1. c4 Nf6 2. g3 e5 3. Bg2 d5 4. cxd5 Nxd5 5. Nf3 Nc6 6. O-O Be7 7. d4 exd4 8.
Nxd4 Nxd4 9. Qxd4 Nf6 10. Qa4+ c6 11. Rd1 Qb6 12. Nd2 Be6 13. Nc4 Qb4 14. Bxc6+
Kf8 15. Qxb4 Bxb4 16. Bxb7 Rb8 17. Ba6 Ke7 18. Bf4 Rbd8 19. Ne5 Rxd1+ 20. Rxd1
Bd5 21. Bc4 Bxc4 22. Nxc4 Ke6 23. a3 Be7 24. Rc1 Nd5 25. Bd2 Rd8 26. e4 Nb6 27.
Nxb6 Rxd2 28. Rc6+ Rd6 29. Rxd6+ Kxd6 30. Nc8+ 1-0

[Event "Alpenpokal 2009"]
[Site "Langenwang"]
[Date "2009.01.16"]
[Round "8.3"]
[White "Priebs, Ludger"]
[Black "Alt, Karl Heinz"]
[Result "0-1"]
[WhiteElo "2033"]
[BlackElo "1766"]
[PlyCount "60"]
[EventDate "2009.??.??"]
[WhiteTeam "SC Bocholt 1926"]
[BlackTeam "Schachklub Immenstadt"]

1. Nf3 c5 2. e4 d6 3. d4 cxd4 4. Nxd4 Nf6 5. Nc3 a6 6. a4 e5 7. Nde2 Be6 8. Bg5
Nbd7 9. g3 Qb6 10. Bg2 Be7 11. O-O O-O 12. Rb1 Rac8 13. h3 h6 14. Be3 Qc7 15.
Rc1 Nb6 16. b3 Rfd8 17. f4 d5 18. fxe5 Nxe4 19. Nxe4 dxe4 20. Qe1 Nd5 21. Bd4
Bc5 22. Kh2 Ne3 23. Bxe3 Bxe3 24. Rd1 Qxc2 25. Rd6 Rxd6 26. exd6 Qd3 27. Nf4
Bxf4 28. Rxf4 f5 29. Rf3 Qxd6 30. Re3 Rc2 0-1

[Event "Alpenpokal 2009"]
[Site "Langenwang"]
[Date "2009.01.16"]
[Round "8.13"]
[White "Nielsen, Jorgen Kamp"]
[Black "Schulz, Hermann"]
[Result "1-0"]
[WhiteElo "1680"]
[BlackElo "1874"]
[PlyCount "39"]
[EventDate "2009.??.??"]
[WhiteTeam "Kopenhagen"]
[BlackTeam "Post SV Uelzen"]

1. e4 c5 2. Nc3 d6 3. f4 Nc6 4. Nf3 Nf6 5. Bc4 e6 6. O-O a6 7. d3 Qc7 8. Qe1
Be7 9. Qg3 O-O 10. Be3 d5 11. exd5 exd5 12. Nxd5 Nxd5 13. Bxd5 Bf5 14. Rae1
Rad8 15. Bxc6 Qxc6 16. Rf2 Rfe8 17. Bd2 c4 18. Ne5 Qb6 19. Nxc4 Qc7 20. Ba5 1-0